000 00194nam a2200097Ia 4500
008 190216s9999||||xx |||||||||||||| ||und||
100 _aNil
245 0 _aGadsaurav
260 _bNull
942 _cBK
999 _c15419
_d15419